000 00530nam a22002177a 4500
003 UA-OsUOA
001 87785
007 ta
008 20120925b un ||||| |||| 00| 0 ukr d
090 _a94(597)
942 _cBK
040 _aUA-OsUOA
_brus
_cUA-OsUOA
_dUA-OsUOA
245 _aИстория Вьетнама
300 _a304 с.
955 _a4
041 _arus
080 _a94(597)
260 _aМ.
_bНаука
_c1983
650 7 _a9 Географія. Біографії. Історія
_2UDC
999 _c374086
_d374086